01549nam a2200349Ia 4500001001200000003000800012006001900020007001500039008004100054010001700095020001500112040002100127035002000148050002300168082001600191245014500207260004800352300001700400490014000417504005100557533015200608650002700760650001700787655002900804700002100833700001800854700003600872710001700908830013100925856012601056999001701182ebr10073633CaPaEBRm u cr cn|||||||||040716s2004 pau sb 001 0 eng d z 2004055957 z1588115593 aCaPaEBRcCaPaEBR a(OCoLC)7077375314aP204b.L297 2004eb04a415/.0122200aLanguage typologyh[electronic resource] :ba functional perspective /cedited by Alice Caffarel, J.R. Martin, Christian M.I.M. Matthiessen. aPhiladelphia, Pa. :bJohn Benjamins,c2004. axiii, 700 p.1 aAmsterdam studies in the theory and history of linguistic science. Series IV, Current issues in linguistic theory,x0304-0763 ;vv. 253 aIncludes bibliographical references and index. aElectronic reproduction.bPalo Alto, Calif. :cebrary,d2011.nAvailable via World Wide Web.nAccess may be limited to ebrary affiliated libraries. 0aTypology (Linguistics) 0aLinguistics. 7aElectronic books.2local1 aCaffarel, Alice.1 aMartin, J. R.1 aMatthiessen, Christian M. I. M.2 aebrary, Inc. 0aAmsterdam studies in the theory and history of linguistic science.nSeries IV,pCurrent issues in linguistic theory ;vv. 253.40uhttp://site.ebrary.com/lib/rucke/Doc?id=10073633zAn electronic book accessible through the World Wide Web; click to view c45005d45005